Consumo de sustancias psicoactivas en estudiantes de magisterio y sus creencias acerca de la educación preventiva (Record no. 187332)
[ view plain ]
| 000 -CABECERA | |
|---|---|
| campo de control de longitud fija | 01787nab a2200289 a 4500 |
| 005 - FECHA Y HORA DE LA ÚLTIMA TRANSACCIÓN | |
| campo de control | 20241205085243.0 |
| 008 - ELEMENTOS DE LONGITUD FIJA--INFORMACIÓN GENERAL | |
| campo de control de longitud fija | 991125c2016 sp fr p o 000 0 spa d |
| 035 ## - NÚMERO DE CONTROL DEL SISTEMA | |
| Número de control de sistema | UPN01000215232 |
| 040 ## - FUENTE DE LA CATALOGACIÓN | |
| Centro catalogador/agencia de origen | UPN |
| Lengua de catalogación | spa |
| Centro/agencia transcriptor | UPN |
| Normas de descripción | aacr2 |
| 049 ## - COLECCIÓN | |
| Colección | ART-E |
| 100 1# - ASIENTO PRINCIPAL--NOMBRE PERSONAL | |
| Nombre de persona | Fernández Cruz, Manuel |
| Enlace | - manuelfernandezcruz@gmail.com |
| 100 1# - ASIENTO PRINCIPAL--NOMBRE PERSONAL | |
| Nombre de persona | Gijón Puerta, José |
| 100 1# - ASIENTO PRINCIPAL--NOMBRE PERSONAL | |
| Nombre de persona | Lizarte Simón, Emilio Jesús |
| 245 10 - MENCIÓN DE TÍTULO | |
| Título | Consumo de sustancias psicoactivas en estudiantes de magisterio y sus creencias acerca de la educación preventiva |
| 506 0# - NOTA DE RESTRICCIONES AL ACCESO | |
| Limitaciones de acceso | Acceso abierto |
| 520 3# - NOTA DE RESUMEN, ETC. | |
| Sumario, etc. | La realización de programas escolares de prevención de consumo de drogas se ha demostrado eficaz en el control de hábitos de adicción en la población juvenil. El éxito de los programas preventivos descansa, en buena parte, en la capacitación de los docentes que los desarrollan y sus propias creencias sobre el consumo de drogas. Otro factor que puede estar relacionado con el éxito de los programas, es la experiencia del propio docente en el consumo de sustancias psicoactivas. En este artículo se explora la relación entre hábitos de consumo de tabaco, alcohol y drogas ilegales de futuros docentes (estudiantes de magisterio de la Universidad de Granada) y las creencias falsas sobre prevención de la drogadicción en la escuela que mantienen. |
| 650 #4 - ASIENTO SECUNDARIO DE MATERIA - TERMINO TEMATICO | |
| Término de materia o nombre geográfico como elemento de entrada | Educación para la salud |
| 9 (RLIN) | 5249 |
| 650 #2 - ASIENTO SECUNDARIO DE MATERIA - TERMINO TEMATICO | |
| Término de materia o nombre geográfico como elemento de entrada | Drogas |
| 9 (RLIN) | 14227 |
| 650 #2 - ASIENTO SECUNDARIO DE MATERIA - TERMINO TEMATICO | |
| Término de materia o nombre geográfico como elemento de entrada | Dependencia |
| 9 (RLIN) | 13256 |
| 653 0# - TERMINO DE INDIZACION - NO CONTROLADO | |
| Término no controlado | Formación inicial docente |
| 773 ## - ENLACE AL DOCUMENTO FUENTE/ENTRADA DE REGISTRO ANFITRIÓN | |
| Parte(s) relacionada(s) | Vol. 13, no. 1 (2016), p. 67-78 |
| Título | Acción psicológica |
| Número Internacional Normalizado para Publicaciones Seriadas | 2255-1271 |
| 856 4# - LOCALIZACIÓN Y ACCESO ELECTRÓNICOS | |
| Identificador Uniforme del Recurso | <a href="https://revistas.uned.es/index.php/accionpsicologica/article/view/17419">https://revistas.uned.es/index.php/accionpsicologica/article/view/17419</a> |
| 856 4# - LOCALIZACIÓN Y ACCESO ELECTRÓNICOS | |
| Identificador Uniforme del Recurso | <a href="https://doi.org/10.5944/ap.13.1.17419">https://doi.org/10.5944/ap.13.1.17419</a> |
| 902 ## - ELEMENTOS DE DATOS B LOCAL, LDB (RLIN) | |
| Creó | Gloria Jiménez/051224 |
| 905 ## - TIPO DE MATERIAL | |
| Tipo de material | Articulo |
| 942 ## - ELEMENTOS DE PUNTO DE ACCESO ADICIONAL (KOHA) | |
| Tipo de ítem Koha | Artículo Electrónico |
| Estado de retiro | Estado de pérdida | Estado dañado | No para préstamo | Código de colección | Localización permanente | Ubicación/localización actual | Ubicación en estantería | Fecha de adquisición | Total de préstamos | Fecha visto por última vez | Identificador Uniforme del Recurso | Precio válido a partir de | Tipo de ítem Koha |
|---|---|---|---|---|---|---|---|---|---|---|---|---|---|
| Acceso abierto | Bib. Gregorio Torres Quintero | Bib. Gregorio Torres Quintero | En línea | 05/12/2024 | 05/12/2024 | https://doi.org/10.5944/ap.13.1.17419 | 05/12/2024 | Artículo Electrónico |
